"Poor Carolina" : politics and society in colonial North Carolina, 1729-1776 /

Bibliographic Details
Main Author: Ekirch, A. Roger, 1950-
Format: Book
Language:English
Published: Chapel Hill : University of North Carolina Press, [1981]
Subjects:

MARC

Tag First Indicator Second Indicator Subfields
LEADER 00000pam a2200000 a 4500
001 in00000080723
005 20151008054047.0
008 801117s1981 ncub b 00110 engm
010 |a  80039889  
020 |a 080781475X 
035 |a (OCoLC)07172486 
035 |9 AAH9502AM 
040 |a DLC  |c DLC  |d m.c.  |d TXA  |d UtOrBLW 
043 |a n-us-nc 
049 |a TXAM  |c [985517] 
050 0 0 |a HC107.N8  |b E37 
082 0 |a 330.9756/02  |2 19 
100 1 |a Ekirch, A. Roger,  |d 1950- 
245 1 0 |a "Poor Carolina" :  |b politics and society in colonial North Carolina, 1729-1776 /  |c A. Roger Ekirch. 
264 1 |a Chapel Hill :  |b University of North Carolina Press,  |c [1981] 
264 4 |c ©1981 
300 |a xix, 305 pages :  |b maps ;  |c 24 cm. 
336 |a text  |b txt  |2 rdacontent 
337 |a unmediated  |b n  |2 rdamedia 
338 |a volume  |b nc  |2 rdacarrier 
500 |a Maps on lining papers. 
500 |a Includes index. 
504 |a Bibliography: pages 283-289. 
651 0 |a North Carolina  |x Economic conditions. 
651 0 |a North Carolina  |x Social conditions. 
651 0 |a North Carolina  |x Politics and government  |y To 1775. 
999 |a MARS 
999 f f |s ac2dc2e2-86be-30b2-b560-7eb21c22f298  |i 09239d91-5a09-3560-a69c-f6f47792a16e  |t 0 
952 f f |p normal  |a Texas A&M University  |b College Station  |c Sterling C. Evans Library  |d Evans: Library Stacks  |t 0  |e HC107.N8 E37  |h Library of Congress classification  |i unmediated -- volume  |m A14806121720 
998 f f |a HC107.N8 E37  |t 0  |l Evans: Library Stacks